[Event "Ponte de Lima op"]
[Site "Ponte de Lima"]
[Date "2024.04.16"]
[Round "9"]
[White "Bilych, Olexiy"]
[Black "Larkin, Vladislav"]
[Result "1/2-1/2"]
[WhiteElo "2451"]
[BlackElo "2446"]
[PlyCount "57"]
[EventDate "2024.04.09"]
[EventType "swiss"]
[EventRounds "9"]
[EventCountry "POR"]
[SourceTitle "CB17_2024"]
[SourceDate "2024.04.24"]
[SourceVersion "1"]
[SourceVersionDate "2024.04.24"]
[SourceQuality "1"]

1. e4 e5 2. Nf3 Nc6 3. d4 exd4 4. Nxd4 Nf6 5. Nxc6 bxc6 6. e5 Qe7 7. Qe2 Nd5 8. c4 Ba6 9. b3 Qh4 10. a3 Bc5 11. g3 Bxf2+ 12. Qxf2 Qe4+ 13. Kd2 Qxh1 14. Bg2 Qxh2 15. cxd5 cxd5 16. Kc2 d4 17. Nd2 0-0 18. Nf3 Qh5 19. Bf4 f6 20. Rh1 Qf5+ 21. Kb2 fxe5 22. Nxe5 Qxe5 23. Qc2 d3+ 24. Bxe5 dxc2 25. Bd5+ Kh8 26. Be4 Kg8 27. Bd5+ Kh8 28. Be4 Kg8 29. Bd5+ 1/2-1/2

[Event "Ponte de Lima op"]
[Site "Ponte de Lima"]
[Date "2024.04.12"]
[Round "6"]
[White "Sidhant, Mohapatra"]
[Black "Bilych, Olexiy"]
[Result "0-1"]
[WhiteElo "2384"]
[BlackElo "2451"]
[PlyCount "94"]
[EventDate "2024.04.09"]
[EventType "swiss"]
[EventRounds "9"]
[EventCountry "POR"]
[SourceTitle "CB17_2024"]
[SourceDate "2024.04.24"]
[SourceVersion "1"]
[SourceVersionDate "2024.04.24"]
[SourceQuality "1"]

1. e4 c5 2. Nf3 d6 3. Bb5+ Nd7 4. 0-0 a6 5. Bd3 Ngf6 6. Re1 g6 7. c3 Bg7 8. Bc2 0-0 9. d4 e5 10. dxe5 Nxe5 11. Nxe5 dxe5 12. a4 Be6 13. Bg5 Qxd1 14. Rxd1 c4 15. Nd2 b5 16. axb5 axb5 17. Nf1 Nd7 18. Be7 Rfe8 19. Bb4 Bf8 20. Ne3 Nc5 21. Nd5 Bxd5 22. Bxc5 Bxc5 23. exd5 Bd6 24. b3 cxb3 25. Bxb3 Rxa1 26. Rxa1 Rc8 27. Rc1 Ra8 28. c4 Ra3 29. Rb1 b4 30. Kf1 Kf8 31. Ke2 Ke7 32. Kd3 f5 33. f3 Bc5 34. g4 Kd6 35. h4 e4+ 36. Ke2 Ke5 37. gxf5 gxf5 38. fxe4 fxe4 39. Kd2 Kd4 40. Kc2 e3 41. Rd1+ Ke4 42. d6 e2 43. Re1 Ke3 44. d7 Ra8 45. Ba4 Kf2 46. Bc6 Rd8 47. Kd2 Be3+ 0-1

[Event "Seville op 49th"]
[Site "Seville"]
[Date "2024.01.20"]
[Round "9"]
[White "Bilych, Olexiy"]
[Black "Sabuk, Piotr"]
[Result "0-1"]
[WhiteElo "2427"]
[BlackElo "2387"]
[PlyCount "78"]
[EventDate "2024.01.12"]
[EventType "swiss"]
[EventRounds "9"]
[EventCountry "ESP"]
[SourceTitle "CB04_2024"]
[SourceDate "2023.10.16"]
[SourceVersion "1"]
[SourceVersionDate "2023.10.16"]
[SourceQuality "1"]

1. e4 e5 2. Nf3 Nc6 3. Bc4 Nf6 4. d3 Be7 5. 0-0 0-0 6. Re1 d6 7. a4 Be6 8. Bxe6 fxe6 9. c3 a5 10. Nbd2 h6 11. Nf1 Qd7 12. h3 Rf7 13. Qe2 Nh5 14. g3 Raf8 15. N1h2 d5 16. Rf1 Bc5 17. Kg2 Rf6 18. Be3 d4 19. cxd4 exd4 20. Bd2 Qe8 21. Nh4 g5 22. e5 Nxe5 23. Qxe5 Bd6 24. Qxd4 gxh4 25. Ng4 Rg6 26. Bxh6 Rf5 27. Bd2 hxg3 28. Nh6+ Kh7 29. Nxf5 exf5 30. Rfe1 gxf2+ 31. Kxf2 Qc6 32. Ke2 Qc2 33. Rac1 Rg2+ 34. Kf1 Qxd2 35. Qh4 Rg5 36. Rc2 Qxc2 37. Qxg5 Ng3+ 38. Kg1 Bc5+ 39. d4 Bxd4+ 0-1

[Event "Seville op 49th"]
[Site "Seville"]
[Date "2024.01.18"]
[Round "7"]
[White "Bilych, Olexiy"]
[Black "Lu, Miaoyi"]
[Result "1/2-1/2"]
[WhiteElo "2427"]
[BlackElo "2252"]
[PlyCount "77"]
[EventDate "2024.01.12"]
[EventType "swiss"]
[EventRounds "9"]
[EventCountry "ESP"]
[SourceTitle "CB04_2024"]
[SourceDate "2023.10.16"]
[SourceVersion "1"]
[SourceVersionDate "2023.10.16"]
[SourceQuality "1"]

1. d4 Nf6 2. Bg5 e6 3. Nf3 c5 4. e3 cxd4 5. exd4 Nc6 6. c3 Be7 7. Bd3 Nd5 8. Bxe7 Ncxe7 9. 0-0 b6 10. Nbd2 Bb7 11. Re1 Nf6 12. a4 a6 13. Qe2 0-0 14. Ne4 Nxe4 15. Bxe4 Qc7 16. Ne5 Bxe4 17. Qxe4 d6 18. Nd3 Nd5 19. g3 Rac8 20. Rec1 Qc4 21. Qe2 a5 22. Qd1 Qa6 23. Qd2 Nf6 24. Re1 Rc7 25. Qe2 Rfc8 26. Nf4 Qxe2 27. Rxe2 g5 28. Nd3 Nd5 29. h3 Rc4 30. Kf1 Re8 31. Ne1 h6 32. Nf3 Nf6 33. Nd2 Rc6 34. Ke1 Rec8 35. Kd1 d5 36. Kc2 Ne8 37. Nf3 Nd6 38. h4 Ne4 39. Ra3 1/2-1/2

[Event "Seville op 49th"]
[Site "Seville"]
[Date "2024.01.17"]
[Round "6"]
[White "Petkov, Momchil"]
[Black "Bilych, Olexiy"]
[Result "1/2-1/2"]
[WhiteElo "2498"]
[BlackElo "2427"]
[PlyCount "85"]
[EventDate "2024.01.12"]
[EventType "swiss"]
[EventRounds "9"]
[EventCountry "ESP"]
[SourceTitle "CB04_2024"]
[SourceDate "2023.10.16"]
[SourceVersion "1"]
[SourceVersionDate "2023.10.16"]
[SourceQuality "1"]

1. e4 e5 2. Nf3 Nc6 3. Bb5 a6 4. Ba4 Nf6 5. Nc3 b5 6. Bb3 Bc5 7. 0-0 d6 8. Nd5 0-0 9. d4 exd4 10. Bg5 Bg4 11. Qc1 Bxf3 12. Bxf6 gxf6 13. Qh6 Bxe4 14. Nxf6+ Kh8 15. Nxe4 f5 16. Ng5 Qd7 17. Ne6 Qe7 18. Nxf8 Qxf8 19. Qxf8+ Rxf8 20. a4 Ne5 21. axb5 axb5 22. Ra5 b4 23. Rfa1 d3 24. Ra8 Rxa8 25. Rxa8+ Kg7 26. Kf1 Ng4 27. cxd3 Nxf2 28. Ke2 Ng4 29. Rg8+ Kf6 30. Rf8+ Kg6 31. Be6 Nf6 32. Rc8 Bb6 33. Kf3 Ng4 34. Rf8 Ne5+ 35. Kg3 Nxd3 36. Rxf5 Nxb2 37. h4 Nd3 38. h5+ Kh6 39. Kg4 Ne5+ 40. Kf4 Nd3+ 41. Kg4 Ne5+ 42. Kf4 Nd3+ 43. Kg4 1/2-1/2

[Event "Seville op 49th"]
[Site "Seville"]
[Date "2024.01.15"]
[Round "4"]
[White "Bilych, Olexiy"]
[Black "Goluch, Piotr"]
[Result "1-0"]
[WhiteElo "2427"]
[BlackElo "2313"]
[PlyCount "89"]
[EventDate "2024.01.12"]
[EventType "swiss"]
[EventRounds "9"]
[EventCountry "ESP"]
[SourceTitle "CB04_2024"]
[SourceDate "2023.10.16"]
[SourceVersion "1"]
[SourceVersionDate "2023.10.16"]
[SourceQuality "1"]

1. e4 c6 2. d4 d5 3. e5 Bf5 4. Nf3 e6 5. Be2 Bb4+ 6. c3 Ba5 7. Qb3 Qc8 8. Nh4 Bg6 9. 0-0 Nd7 10. Nd2 Bd8 11. Nxg6 hxg6 12. Nf3 Nh6 13. Qd1 a5 14. a4 Nf5 15. Re1 Be7 16. Bd3 Qd8 17. g3 Qb6 18. Kg2 Nb8 19. Re2 c5 20. dxc5 Bxc5 21. b4 axb4 22. cxb4 Be7 23. a5 Qd8 24. Qa4+ Nc6 25. Rc2 0-0 26. Bd2 Nfd4 27. Nxd4 Nxd4 28. Rcc1 f6 29. exf6 Bxf6 30. Ra2 e5 31. Bxg6 Bg5 32. Bb1 Rxf2+ 33. Kxf2 Qf6+ 34. Kg1 Nf3+ 35. Kg2 Nxd2 36. Qd1 e4 37. Rxd2 Qf3+ 38. Kh3 Qf5+ 39. g4 Qf4 40. Rxd5 Qe3+ 41. Kg2 Qxc1 42. Qxc1 Bxc1 43. Bxe4 g5 44. Rd7 Rc8 45. Rxb7 1-0

[Event "Sitges Sunway op 10th"]
[Site "Sitges"]
[Date "2023.12.22"]
[Round "10"]
[White "Bilych, Olexiy"]
[Black "Sankalp, Gupta"]
[Result "0-1"]
[WhiteElo "2433"]
[BlackElo "2523"]
[PlyCount "126"]
[EventDate "2023.12.12"]
[EventType "swiss"]
[EventRounds "10"]
[EventCountry "ESP"]
[SourceTitle "CB52_2023"]
[SourceDate "2023.12.27"]
[SourceVersion "1"]
[SourceVersionDate "2023.12.27"]
[SourceQuality "1"]

1. d4 Nf6 2. c4 e6 3. Nc3 Bb4 4. e3 0-0 5. Bd3 d5 6. a3 Bxc3+ 7. bxc3 dxc4 8. Bxc4 c5 9. Nf3 Qc7 10. Be2 b6 11. 0-0 Bb7 12. Bb2 Nbd7 13. Nd2 e5 14. Rc1 Rfd8 15. Qc2 Nf8 16. dxe5 Qxe5 17. c4 Qg5 18. Nf3 Qh6 19. Rfd1 Re8 20. Rd6 Ne6 21. Ne5 Qh4 22. f3 Red8 23. Rxd8+ Rxd8 24. Rd1 Ne8 25. Qc3 Qe7 26. Rxd8 Nxd8 27. Qd2 Nd6 28. e4 h5 29. Bf1 Kh7 30. Qc2 Ba6 31. Qd3 Qe6 32. Qd5 Bb7 33. Qd3 Ba6 34. Qd5 Bb7 35. Qd3 Kg8 36. g3 Ba6 37. Bh3 Qe7 38. Qd5 Bb7 39. Ng6 Qc7 40. Qxh5 fxg6 41. Qxg6 Qe7 42. Kg2 Nxe4 43. Bxg7 Qf7 44. Qxf7+ Kxf7 45. Bb2 Nd2 46. Bg4 Nxc4 47. Bh5+ Kg8 48. Bc1 Ne6 49. h4 Ne5 50. Bb2 Nd3 51. Bc3 Nef4+ 52. gxf4 Nxf4+ 53. Kf2 Nxh5 54. Be5 a6 55. a4 Kf7 56. Bc7 b5 57. axb5 axb5 58. Bb6 c4 59. Ba5 Ke6 60. Ke3 Kd5 61. Bb4 Bc8 62. Ba3 Bf5 63. Bb4 Bh7 0-1

[Event "Wch U20 Blitz"]
[Site "Pula"]
[Date "2023.10.15"]
[Round "7"]
[White "Bilych, Olexiy"]
[Black "Andreev, Konstantin1"]
[Result "1-0"]
[WhiteElo "2425"]
[BlackElo "2284"]
[PlyCount "57"]
[EventDate "2023.10.14"]
[EventType "swiss (blitz)"]
[EventRounds "11"]
[EventCountry "ITA"]
[SourceTitle "Mega2024 Update 01"]
[Source "Chessbase"]
[SourceDate "2023.11.12"]
[SourceVersion "1"]
[SourceVersionDate "2023.11.12"]
[SourceQuality "1"]

1. d4 Nf6 2. c4 e6 3. Nc3 Bb4 4. e3 0-0 5. Bd3 d5 6. a3 Bxc3+ 7. bxc3 dxc4 8. Bxc4 c5 9. Bd3 b6 10. Qf3 Qd5 11. e4 Qc6 12. Ne2 Bb7 13. e5 Qxf3 14. gxf3 Bxf3 15. Rg1 Nh5 16. Bh6 Rd8 17. Nf4 Nxf4 18. Rxg7+ Kh8 19. Rxh7+ Kg8 20. Bxf4 Nd7 21. Kd2 Nf8 22. Rg1+ Ng6 23. Rh3 cxd4 24. Rxf3 dxc3+ 25. Kc2 Kg7 26. Bg5 Rd4 27. Bf6+ Kf8 28. Bxg6 fxg6 29. Rxg6 1-0

[Event "Wch U20 Blitz"]
[Site "Pula"]
[Date "2023.10.15"]
[Round "9"]
[White "Bilych, Olexiy"]
[Black "Krassel, Timofei"]
[Result "0-1"]
[WhiteElo "2425"]
[BlackElo "2038"]
[PlyCount "120"]
[EventDate "2023.10.14"]
[EventType "swiss (blitz)"]
[EventRounds "11"]
[EventCountry "ITA"]
[SourceTitle "Mega2024 Update 01"]
[Source "Chessbase"]
[SourceDate "2023.11.12"]
[SourceVersion "1"]
[SourceVersionDate "2023.11.12"]
[SourceQuality "1"]

1. d4 Nf6 2. c4 e6 3. Nc3 d5 4. cxd5 exd5 5. Bg5 Be7 6. e3 0-0 7. Bd3 h6 8. Bh4 c6 9. Qc2 c5 10. dxc5 d4 11. exd4 Qxd4 12. Nf3 Qxc5 13. 0-0 Nc6 14. Bxf6 Bxf6 15. Ne4 Qe7 16. Nxf6+ Qxf6 17. Be4 Be6 18. Rad1 Rac8 19. Qa4 Qxb2 20. Rb1 Qxa2 21. Qxa2 Bxa2 22. Rxb7 Rfe8 23. Bxc6 Rxc6 24. Rxa7 Bd5 25. Nd4 Rg6 26. f3 Rb6 27. Nf5 Kf8 28. Rd1 Be6 29. Ng3 Reb8 30. Ne4 Rb1 31. Rxb1 Rxb1+ 32. Kf2 g6 33. Nc5 Rb6 34. h4 h5 35. Ne4 Rb4 36. Kg3 Kg7 37. Nc5 Bd5 38. Nd3 Rd4 39. Nf4 Rd1 40. Rd7 Bxf3 41. Rxd1 Bxd1 42. Nh3 f6 43. Kf4 Bg4 44. Nf2 Be6 45. Nd3 Kh6 46. Nf2 g5+ 47. hxg5+ fxg5+ 48. Kg3 Bd5 49. Nd3 Kg6 50. Nb4 Bb7 51. Nd3 Kf5 52. Nf2 h4+ 53. Kh2 g4 54. Nd3 g3+ 55. Kg1 Ba8 56. Ne1 Be4 57. Kf1 Ke5 58. Ke2 Kf4 59. Kf1 Ke3 60. Kg1 Ke2 0-1

[Event "Wch U20 Rapid"]
[Site "Pula"]
[Date "2023.10.12"]
[Round "9"]
[White "Casadio, Niccolo"]
[Black "Bilych, Olexiy"]
[Result "1-0"]
[WhiteElo "2082"]
[BlackElo "2425"]
[PlyCount "101"]
[EventDate "2023.10.10"]
[EventType "swiss (rapid)"]
[EventRounds "11"]
[EventCountry "ITA"]
[SourceTitle "Mega2024 Update 01"]
[Source "Chessbase"]
[SourceDate "2023.11.12"]
[SourceVersion "1"]
[SourceVersionDate "2023.11.12"]
[SourceQuality "1"]

1. e4 c5 2. Nf3 e6 3. d4 cxd4 4. Nxd4 Nc6 5. Nc3 Qc7 6. Be3 a6 7. Qd2 Nf6 8. 0-0-0 Bb4 9. f3 b5 10. a3 Be7 11. g4 Nxd4 12. Bxd4 Bb7 13. g5 Nh5 14. Be5 Qxe5 15. Qxd7+ Kf8 16. Qxb7 Rb8 17. Qa7 Bxg5+ 18. Kb1 Nf6 19. h4 Bf4 20. Ne2 g6 21. Bh3 Qc7 22. Qxa6 Kg7 23. Nd4 Rb6 24. Qa5 Qb7 25. Ne2 Ra8 26. Qb4 Qc7 27. Nxf4 Qxf4 28. Rd3 Rc8 29. Rhd1 Rbc6 30. Rd8 Rxd8 31. Rxd8 Kh6 32. Qxb5 Rc7 33. Qa5 Rb7 34. Qd2 Qxd2 35. Rxd2 Kh5 36. a4 Kxh4 37. Bf1 Kg3 38. a5 Kxf3 39. a6 Ra7 40. b4 Ke3 41. Rd3+ Kf2 42. b5 Nxe4 43. Ra3 Kxf1 44. b6 Ra8 45. b7 Rb8 46. Kc1 f5 47. a7 Rxb7 48. a8Q Rc7 49. Qa6+ Kg2 50. Qe2+ Kg1 51. Rf3 1-0

[Event "Wch U20 Rapid"]
[Site "Pula"]
[Date "2023.10.11"]
[Round "6"]
[White "Isanzhulov, Arystan"]
[Black "Bilych, Olexiy"]
[Result "1-0"]
[WhiteElo "2439"]
[BlackElo "2425"]
[PlyCount "57"]
[EventDate "2023.10.10"]
[EventType "swiss (rapid)"]
[EventRounds "11"]
[EventCountry "ITA"]
[SourceTitle "Mega2024 Update 01"]
[Source "Chessbase"]
[SourceDate "2023.11.12"]
[SourceVersion "1"]
[SourceVersionDate "2023.11.12"]
[SourceQuality "1"]

1. e4 c5 2. Nf3 d6 3. Bb5+ Nd7 4. a4 Ngf6 5. Nc3 a6 6. Be2 b6 7. d4 cxd4 8. Qxd4 Bb7 9. 0-0 e6 10. Rd1 Qc7 11. Bg5 Be7 12. Nd2 Ne5 13. Be3 Nfd7 14. a5 b5 15. f4 Ng6 16. Qxg7 Bf6 17. Qh6 Ke7 18. e5 dxe5 19. Nde4 Rac8 20. Rxd7+ Qxd7 21. Rd1 Qc7 22. Nxf6 Kxf6 23. Bb6 Qc6 24. Bf3 Qc4 25. Bxb7 b4 26. fxe5+ Kxe5 27. Qg7+ f6 28. Re1+ Kd6 29. Ne4+ 1-0

[Event "Maia op 7th"]
[Site "Maia"]
[Date "2023.09.02"]
[Round "9"]
[White "Bilych, Olexiy"]
[Black "Rucek, Kristian"]
[Result "1-0"]
[WhiteElo "2414"]
[BlackElo "2156"]
[PlyCount "91"]
[EventDate "2023.08.25"]
[EventType "swiss"]
[EventRounds "9"]
[EventCountry "POR"]
[SourceTitle "EXT 2024"]
[Source "ChessBase"]
[SourceDate "2023.10.10"]
[SourceVersion "1"]
[SourceVersionDate "2023.10.10"]
[SourceQuality "1"]

1. d4 d5 2. c4 e6 3. Nc3 c5 4. cxd5 exd5 5. Nf3 Nc6 6. Bg5 Be7 7. Bxe7 Ngxe7 8. Rc1 cxd4 9. Nxd4 Qb6 10. Nxc6 bxc6 11. Qd2 a5 12. b3 0-0 13. e3 Bf5 14. Be2 Rfd8 15. 0-0 d4 16. exd4 Qxd4 17. Qg5 f6 18. Qg3 Nd5 19. Bc4 Qg4 20. Rfd1 Qxg3 21. hxg3 Be6 22. Ne2 Bf7 23. Nd4 Rd6 24. Nf5 Rd7 25. Be2 Rc7 26. Bf3 Rd8 27. Rxc6 Rcd7 28. Rc5 Kf8 29. Rxa5 g6 30. Nh6 Be6 31. Bxd5 Bxd5 32. Ng4 Kf7 33. Ne3 Be6 34. Rxd7+ Rxd7 35. Rc5 Ra7 36. Rc2 Ke7 37. Kf1 Kd6 38. Ke2 h5 39. Kd3 g5 40. Kd4 g4 41. Nc4+ Ke7 42. a4 Rd7+ 43. Kc5 Bd5 44. Re2+ Be6 45. a5 Rd3 46. a6 1-0

[Event "Maia op 7th"]
[Site "Maia"]
[Date "2023.08.26"]
[Round "2"]
[White "Thorsbro, Peter"]
[Black "Bilych, Olexiy"]
[Result "0-1"]
[WhiteElo "2181"]
[BlackElo "2414"]
[PlyCount "86"]
[EventDate "2023.08.25"]
[EventType "swiss"]
[EventRounds "9"]
[EventCountry "POR"]
[SourceTitle "EXT 2024"]
[Source "ChessBase"]
[SourceDate "2023.10.10"]
[SourceVersion "1"]
[SourceVersionDate "2023.10.10"]
[SourceQuality "1"]

1. d4 f5 2. g3 e6 3. Bg2 Nf6 4. Nf3 Be7 5. 0-0 Ne4 6. c4 d5 7. Nc3 c6 8. Bf4 Nd7 9. Rc1 0-0 10. Ne5 Nxe5 11. Bxe5 Nd6 12. Bxd6 Bxd6 13. c5 Bc7 14. f4 b6 15. Na4 b5 16. Nc3 a5 17. Nb1 g5 18. e3 Bd7 19. Na3 Be8 20. Nc2 h5 21. Ne1 h4 22. Bf3 Qf6 23. Nd3 Qh6 24. Rf2 Rf7 25. Rg2 Rg7 26. Kf2 Kh8 27. a4 b4 28. Ke1 Bf7 29. Kd2 Rag8 30. Qe1 gxf4 31. exf4 hxg3 32. hxg3 Rxg3 33. Rxg3 Bxf4+ 34. Kc2 Rxg3 35. Ne5 Qh2+ 36. Kb1 Bxc1 37. Qxc1 Rg1 38. Bd1 Qh1 39. Kc2 Kg7 40. Qe3 Qg2+ 41. Be2 Bh5 42. Nf3 Bxf3 43. Qe5+ Kf7 0-1

[Event "Andorra op 39th"]
[Site "Escaldes"]
[Date "2023.07.27"]
[Round "6"]
[White "Bilych, Olexiy"]
[Black "Cuartas, Jaime Alexander"]
[Result "1-0"]
[WhiteElo "2437"]
[BlackElo "2526"]
[PlyCount "117"]
[EventDate "2023.07.22"]
[EventType "swiss"]
[EventRounds "9"]
[EventCountry "AND"]
[SourceTitle "CBM 215 Extra"]
[Source "ChessBase"]
[SourceDate "2023.09.30"]
[SourceVersion "1"]
[SourceVersionDate "2023.09.30"]
[SourceQuality "1"]

1. d4 Nf6 2. c4 e6 3. Nc3 d5 4. cxd5 exd5 5. Bg5 c6 6. e3 Be7 7. Bd3 h6 8. Bh4 0-0 9. Qc2 Re8 10. Nge2 b5 11. 0-0 Na6 12. a3 Bd6 13. Bg3 Bxg3 14. Nxg3 Nc7 15. Na2 Bb7 16. Nb4 Re6 17. Bf5 Rd6 18. Nd3 g6 19. Nc5 Bc8 20. Bxg6 fxg6 21. Qxg6+ Kh8 22. Qxh6+ Nh7 23. Qh5 Qg5 24. Qf7 Qg7 25. Qf4 Rh6 26. Nd3 Be6 27. Rac1 Rf8 28. Qe5 Bc8 29. Rc2 Bb7 30. Rfc1 Na6 31. Qxg7+ Kxg7 32. Ne5 Nb8 33. e4 dxe4 34. d5 c5 35. Rxc5 Kg8 36. Rxb5 Ba6 37. Rb4 Rd6 38. Nxe4 Rxd5 39. Ng6 Re8 40. Rxb8 Rxb8 41. Ne7+ Kf8 42. Nxd5 Rxb2 43. h4 Bb7 44. Rc5 Rb3 45. a4 Rb1+ 46. Kh2 Bxd5 47. Rxd5 Rb4 48. Rd8+ Ke7 49. Rh8 Nf8 50. f3 Rxa4 51. Rh5 Ra2 52. Re5+ Kf7 53. h5 a5 54. Rf5+ Kg8 55. Rg5+ Kf7 56. h6 Ne6 57. h7 Nxg5 58. h8Q Nxf3+ 59. Kg3 1-0

[Event "El Vendrell op 3rd"]
[Site "El Vendrell"]
[Date "2023.07.15"]
[Round "5"]
[White "Bilych, Olexiy"]
[Black "Aloma Vidal, Roberto"]
[Result "1-0"]
[WhiteElo "2433"]
[BlackElo "2464"]
[PlyCount "105"]
[EventDate "2023.07.15"]
[EventType "swiss (rapid)"]
[EventRounds "9"]
[EventCountry "ESP"]
[SourceTitle "CBM 215 Extra"]
[Source "ChessBase"]
[SourceDate "2023.09.30"]
[SourceVersion "1"]
[SourceVersionDate "2023.09.30"]
[SourceQuality "1"]

1. d4 e6 2. c4 b6 3. e4 Bb4+ 4. Bd2 Bxd2+ 5. Qxd2 d5 6. cxd5 exd5 7. exd5 Ne7 8. Bb5+ Nd7 9. d6 cxd6 10. Ne2 0-0 11. 0-0 Nf6 12. Nbc3 Bb7 13. Bd3 Ng6 14. f3 Re8 15. Rae1 a6 16. Ng3 b5 17. Kh1 Qb6 18. Bb1 Rxe1 19. Rxe1 Re8 20. Nce4 Nxe4 21. fxe4 Qd8 22. Rf1 f6 23. Qf2 Qd7 24. a3 d5 25. Ba2 Kh8 26. Qf5 Qxf5 27. exf5 Nf8 28. Rc1 g6 29. Kg1 Re7 30. Kf2 Kg7 31. Rc5 Rd7 32. Ne2 gxf5 33. Nf4 Ng6 34. Nxd5 Bxd5 35. Rxd5 Rxd5 36. Bxd5 Nf4 37. Bb3 Kf8 38. Kf3 Ng6 39. Be6 Ke7 40. Bxf5 Nh4+ 41. Ke4 Nxg2 42. Bxh7 a5 43. b4 axb4 44. axb4 Kd6 45. Kf3 Ne1+ 46. Kf2 Kd5 47. Kxe1 Kxd4 48. Kd2 Kc4 49. Bd3+ Kxb4 50. h4 Kc5 51. h5 Kd6 52. h6 Ke7 53. h7 1-0

[Event "El Vendrell op 3rd"]
[Site "El Vendrell"]
[Date "2023.07.15"]
[Round "4"]
[White "Delgado Romero, Marco"]
[Black "Bilych, Olexiy"]
[Result "0-1"]
[WhiteElo "2243"]
[BlackElo "2433"]
[PlyCount "104"]
[EventDate "2023.07.15"]
[EventType "swiss (rapid)"]
[EventRounds "9"]
[EventCountry "ESP"]
[SourceTitle "CBM 215 Extra"]
[Source "ChessBase"]
[SourceDate "2023.09.30"]
[SourceVersion "1"]
[SourceVersionDate "2023.09.30"]
[SourceQuality "1"]

1. d4 d5 2. c4 e6 3. Nc3 Nf6 4. cxd5 exd5 5. Bg5 c6 6. e3 Be7 7. Bd3 0-0 8. Qc2 h6 9. Bh4 Ne8 10. Bxe7 Qxe7 11. Nge2 Nd6 12. h3 a5 13. a3 Re8 14. g4 Na6 15. Ng3 Bd7 16. Kf1 Nc7 17. Kg2 b6 18. b4 axb4 19. axb4 b5 20. Qb2 Nc4 21. Bxc4 bxc4 22. Na4 f5 23. gxf5 Bxf5 24. Nc5 Bg6 25. Qe2 Ne6 26. Qg4 Nxc5 27. Qxg6 Qe6 28. Qxe6+ Nxe6 29. Nf5 Kf8 30. Ra5 Rab8 31. Ra6 Rec8 32. Rb1 Rc7 33. Kf1 Kf7 34. Ke2 h5 35. b5 g6 36. b6 Rd7 37. Nh4 Rdb7 38. Nf3 Ke7 39. Ne5 Kd6 40. Nxg6 c5 41. dxc5+ Nxc5 42. Ra2 Rxb6 43. Rxb6+ Rxb6 44. Nf4 Ne4 45. Rc2 h4 46. f3 Ng3+ 47. Kf2 Rb1 48. Rd2 c3 49. Rxd5+ Kc6 50. Rd4 Rb2+ 51. Ke1 Rb1+ 52. Rd1 c2 0-1

[Event "Titled Tuesday intern op 09th May Early"]
[Site "Chess.com INT"]
[Date "2023.05.09"]
[Round "5"]
[White "Bilych, Olexiy"]
[Black "Aravindh, Chithambaram VR"]
[Result "1-0"]
[WhiteElo "2441"]
[BlackElo "2633"]
[PlyCount "163"]
[EventDate "2023.05.09"]
[EventType "swiss (blitz)"]
[EventRounds "11"]
[EventCountry "USA"]
[SourceTitle "CBM 214 Extra"]
[Source "ChessBase"]
[SourceDate "2023.07.31"]
[SourceVersion "1"]
[SourceVersionDate "2023.07.31"]
[SourceQuality "1"]

1. d4 d5 2. c4 e5 3. dxe5 d4 4. Nf3 Nc6 5. a3 Nge7 6. g3 Ng6 7. Bg2 Ngxe5 8. Nbd2 Be7 9. 0-0 0-0 10. b4 Be6 11. Bb2 Nxc4 12. Nxc4 Bxc4 13. Rc1 Bd5 14. Nxd4 Bxg2 15. Kxg2 Nxd4 16. Qxd4 Qxd4 17. Bxd4 c6 18. Rfd1 Rfd8 19. Bc5 Kf8 20. Rxd8+ Rxd8 21. Bxa7 Ra8 22. Be3 Bf6 23. b5 cxb5 24. Rc7 Ke8 25. Rxb7 Rxa3 26. Rxb5 Ra2 27. Rb8+ Kd7 28. Rb7+ Ke6 29. Kf3 Ra3 30. Rb6+ Kd7 31. Rb7+ Ke6 32. Rb4 Bg5 33. h4 Bxe3 34. Re4+ Kf6 35. Rxe3 Ra5 36. Rb3 g6 37. g4 h5 38. gxh5 Rxh5 39. Rb4 Ra5 40. e3 Rc5 41. Kg4 Rc1 42. Rb6+ Kg7 43. Rb5 Rg1+ 44. Kf3 Rh1 45. Kg3 Rg1+ 46. Kh2 Ra1 47. h5 gxh5 48. Rxh5 Kf6 49. Kg3 Ra3 50. Kf4 Ra2 51. f3 Ke6 52. Rb5 Ra4+ 53. e4 Ra3 54. Rb6+ Ke7 55. Kg4 Re3 56. Rb7+ Ke6 57. Rb6+ Ke7 58. Kf4 Ra3 59. e5 Rc3 60. Ke4 Ra3 61. f4 Ra4+ 62. Kf5 Ra7 63. Rb8 Rc7 64. Rh8 Ra7 65. Rh7 Ra5 66. Rh1 Ra7 67. Rb1 Rc7 68. Rb6 Ra7 69. Kg5 Ra5 70. Rb7+ Ke6 71. f5+ Kxe5 72. Re7+ Kd6 73. Rxf7 Ra1 74. Kf6 Rf1 75. Rf8 Kd7 76. Kg7 Rg1+ 77. Kf7 Ra1 78. f6 Ra7 79. Rh8 Kd6+ 80. Kg6 Ke6 81. Re8+ Kd6 82. f7 1-0

[Event "Titled Tuesday intern op 09th May Early"]
[Site "Chess.com INT"]
[Date "2023.05.09"]
[Round "4"]
[White "Bilych, Olexiy"]
[Black "Ibarra Jerez, Jose Carlos"]
[Result "1-0"]
[WhiteElo "2441"]
[BlackElo "2563"]
[PlyCount "63"]
[EventDate "2023.05.09"]
[EventType "swiss (blitz)"]
[EventRounds "11"]
[EventCountry "USA"]
[SourceTitle "CBM 214 Extra"]
[Source "ChessBase"]
[SourceDate "2023.07.31"]
[SourceVersion "1"]
[SourceVersionDate "2023.07.31"]
[SourceQuality "1"]

1. e4 c5 2. Nf3 Nc6 3. Bb5 e6 4. 0-0 Nge7 5. d4 cxd4 6. Nxd4 Ng6 7. Be2 Be7 8. c4 0-0 9. Nc3 b6 10. Be3 Bb7 11. f4 Nxd4 12. Bxd4 f5 13. exf5 Nh4 14. f6 Bxf6 15. g3 Nf5 16. Bxf6 Rxf6 17. Bf3 Bxf3 18. Qxf3 Rc8 19. b3 a6 20. Rad1 b5 21. c5 Qc7 22. Ne4 Rg6 23. Kh1 b4 24. Rd3 Ne7 25. Rfd1 Nd5 26. Nd6 Rf8 27. Rxd5 Qc6 28. R5d3 Qxc5 29. Ne4 Qc2 30. R3d2 Qc6 31. Rxd7 h6 32. Nf6+ 1-0

[Event "Titled Tuesday intern op 09th May Early"]
[Site "Chess.com INT"]
[Date "2023.05.09"]
[Round "1"]
[White "Bilych, Olexiy"]
[Black "Mouhamad, Joachin"]
[Result "1-0"]
[WhiteElo "2441"]
[BlackElo "2238"]
[PlyCount "91"]
[EventDate "2023.05.09"]
[EventType "swiss (blitz)"]
[EventRounds "11"]
[EventCountry "USA"]
[SourceTitle "CBM 214 Extra"]
[Source "ChessBase"]
[SourceDate "2023.07.31"]
[SourceVersion "1"]
[SourceVersionDate "2023.07.31"]
[SourceQuality "1"]

1. d4 d5 2. c4 e6 3. Nf3 a6 4. Nc3 dxc4 5. a4 Nc6 6. e4 Na5 7. Be3 Nf6 8. Ne5 Be7 9. Nxc4 Nxc4 10. Bxc4 0-0 11. 0-0 b6 12. Qc2 Bb7 13. Rad1 Ng4 14. Bf4 Bg5 15. Bg3 Bh4 16. Qe2 Bxg3 17. hxg3 Nf6 18. g4 Qe7 19. g5 Nd7 20. f4 c5 21. d5 exd5 22. Nxd5 Bxd5 23. Rxd5 Rfe8 24. e5 Nf8 25. Rd6 Qxd6 26. exd6 Rxe2 27. Bxe2 Rd8 28. Rd1 Ne6 29. Bxa6 Nd4 30. b4 Rxd6 31. bxc5 bxc5 32. Rb1 g6 33. Bc4 Rd7 34. a5 Ra7 35. a6 Kf8 36. Rb6 Ke7 37. Kf2 Kd7 38. Rf6 Kd8 39. Bxf7 Nf5 40. Bc4 Ne7 41. Rf7 Kd7 42. Rxh7 Kd6 43. f5 Nc6 44. Rxa7 Nxa7 45. fxg6 Ke7 46. g7 1-0

[Event "Titled Tuesday intern op 09th May Early"]
[Site "Chess.com INT"]
[Date "2023.05.09"]
[Round "3"]
[White "Van Baar, Esper"]
[Black "Bilych, Olexiy"]
[Result "0-1"]
[WhiteElo "2180"]
[BlackElo "2441"]
[PlyCount "54"]
[EventDate "2023.05.09"]
[EventType "swiss (blitz)"]
[EventRounds "11"]
[EventCountry "USA"]
[SourceTitle "CBM 214 Extra"]
[Source "ChessBase"]
[SourceDate "2023.07.31"]
[SourceVersion "1"]
[SourceVersionDate "2023.07.31"]
[SourceQuality "1"]

1. e4 c5 2. Nf3 d6 3. Bb5+ Bd7 4. Bxd7+ Qxd7 5. c4 Nc6 6. d4 cxd4 7. Nxd4 Nf6 8. f3 Nxd4 9. Qxd4 g6 10. Be3 Bg7 11. Qd2 b5 12. cxb5 Qxb5 13. Nc3 Qa6 14. Qe2 Qxe2+ 15. Kxe2 0-0 16. Rhc1 Rab8 17. Rc2 Nd7 18. Bxa7 Rb7 19. Be3 Rfb8 20. Na4 Rb4 21. Nc3 Rxb2 22. Kd2 Ne5 23. Re1 Nc4+ 24. Kd3 Rxc2 25. Kxc2 Rb2+ 26. Kd3 Ne5+ 27. Kd4 Nxf3+ 0-1